000
00310nam a2200121Ia 4500
008
190722s9999 xx 000 0 und d
020
_a
0-19-809888-X
100
_a
Upena Dalal
245
0
_a
Wireless Communication and Networks
260
_a
New Delhi
_b
Oxford University Press
_c
2015
300
_a
562
942
_c
BK
999
_c
427
_d
427